Statistics for mythical horses

Click here to take the quiz!

General Stats

  • This quiz has been taken 14 times
  • The average score is 3 of 10

Answer Stats

HintAnswer% Correct
winged horsepegasus
100%
a horned horseunicorn
91%
half man half horsecentaur
73%
a horse with a fish tailhippocampus
18%
eagle horse mixhippogriff
9%
an eight legged horse from Norse mythologysleipnir
9%
shape shifting water spirits from Scottish lorekelpies
9%
originating in Turkish mythologytulpar
0%
a powerfull winged horse that comes from Korean mythologychollima
0%
a horse from buddhist mythologykanthaka
0%

Score Distribution

Percentile by Number Answered

Percent of People with Each Score

Your Score History

You have not taken this quiz